000 00805nam a2200121Ia 4500
008 220615s9999||||xx |||||||||||||| ||und||
245 0 _aInclusion, Education and Translanguaging
_bHow to Promote Social Justice in (Teacher) Education?
546 _aEnglish[eng]
650 _aTeaching and Teacher Education||Early Childhood Education||Language Teaching||Education||Bildungsforschung||Educational Research||Migrationsforschung||Leherbildung||Teacher Education||Social Justice||Multilingualism||Inclusive education||Open Access||Teacher training||Early childhood care & education||Language teaching & learning
700 _aPanagiotopoulou, Julie A.||Rosen, Lisa||Strzykala, Jenna
856 _uhttps://library.oapen.org/bitstream/20.500.12657/41724/1/2020_Book_InclusionEducationAndTranslang.pdf
942 _cEB
999 _c9127
_d9127